000
00364nam a2200169Ia 4500
003
0STCL
008
150530s9999 xx 000 0 und d
040
_a
STCL
_c
STCL
100
_a
Santha Kumar,S
245
_a
Sthreekalum Vishadhavum
260
_c
1983
300
_a
487
546
_a
Malayalam
942
_2
ddc
_c
BK
999
_c
2171
_d
2171
005
20220125165308.0